| 000 | 01329nam0a22003731 4500 | ||
|---|---|---|---|
| 001 | RU\NLR\A1SV\135117 | ||
| 005 | 20260406090413.0 | ||
| 035 | _a(NLR Aleph) 010679852 | ||
| 090 |
_a9642387 _c9642387 |
||
| 100 | _a20150206d1919 u y0rusy50 ca | ||
| 101 | 0 | _arus | |
| 102 | _aRU | ||
| 200 | 1 |
_aУчебник торгового права _fПроф. Г.Ф.Шершеневич |
|
| 205 |
_a9-е изд. _b(2-е посмерт.) |
||
| 210 |
_aМ. _cМоск. науч. изд-во _d1919 |
||
| 215 |
_a[2], X, III-VI, 373 с. _d23 см |
||
| 320 | _aБиблиогр. в нач. отд. параграфов и на с.VIII-X | ||
| 327 | 0 | _aГабриэль Феликсович Шершеневич / В.Краснокуцкий (С.I-VIII) | |
| 620 | _dМосква | ||
| 700 | 1 |
_aШершеневич _bГ.Ф. _f1863-1912 _gГабриэль Феликсович |
|
| 702 | 1 |
_7ca _8rus _aКраснокутский _bВ. А. _f1873- _gВасилий Александрович _3RU\NLR\AUTH\770280948 _92652915 |
|
| 801 | 0 |
_aRU _bNLR _c20150206 |
|
| 852 |
_aNLR _j17.157.2.18 |
||
| 852 |
_aNLR _j133/6027 |
||
| 899 | _aСамОУНБ | ||
| 899 | _aУОНБ | ||
| 899 | _aРГБ | ||
| 899 | _aКирОУНБ | ||
| 899 | _aДГПБ | ||
| 899 | _aСПбГУ | ||
| 942 | _cBOOK | ||
| 980 | _aNB | ||
| 980 | _aA1SV | ||